| 000 | 00524nam a22001337a 4500 | ||
|---|---|---|---|
| 082 |
_a624.1762 _bSEI _cN-02,P-76 |
||
| 110 |
_aSeismic Safety Commission State of California _950870 |
||
| 245 |
_aSeismic evaluation and retrofit of concrete buildings: a p ATC 40 _cSeismic Safety Commission State of California |
||
| 260 |
_aCalifornia .: _bSeismic Safety Commission State of California _c1996 |
||
| 300 |
_avarious pages. _bill; |
||
| 526 |
_a0 _b0 _c0 _d624_176200000000000_SEI |
||
| 650 |
_aACT-40 _950871 |
||
| 942 |
_2ddc _cBK |
||
| 999 |
_c553600 _d553600 |
||